Statistics for Capitals AND Countries That Start With G

Click here to take the quiz!

General Stats

  • This quiz has been taken 7,120 times
    (6,046 since last reset)
  • The average score is 13 of 15

Answer Stats

Answer% Correct
CountryGuinea
94%
CountryGuatemala
93%
CountryGabon
92%
CountryGuinea-Bissau
92%
CountryGuyana
92%
CountryGhana
91%
CountryGambia
90%
CountryGermany
88%
CountryGrenada
87%
CountryGreece
84%
CountryGeorgia
82%
CapitalGeorgetown
79%
CapitalGuatemala City
79%
CapitalGaborone
73%
CapitalGitega
66%

Score Distribution

Percentile by Number Answered

Percent of People with Each Score

Your Score History

You have not taken this quiz since the last reset